|
|
|
|
| LEADER |
00000nab a2200000 4500 |
| 001 |
vtls011774662 |
| 003 |
SK-MaSNL |
| 005 |
20260318114442.0 |
| 008 |
180824c2018 xo er|p || ||00 c0ukr |
| 015 |
|
|
|a SNBRB2018/08
|
| 038 |
|
|
|a SVKPOCL
|
| 040 |
|
|
|a SVKPOCL
|b slo
|c SVKPOCL
|e rda
|
| 041 |
0 |
|
|a ukr
|
| 043 |
|
|
|a e-xo---
|a e-un---
|a e-cs---
|
| 044 |
|
|
|a xo
|c SK
|
| 072 |
|
7 |
|a 94(47)
|x Dejiny krajín východnej Európy
|2 konspekt
|
| 072 |
|
7 |
|a 94(437.6)
|x Dejiny Slovenskej republiky
|2 konspekt
|
| 080 |
|
|
|a 94(477)"19":929
|2 2011
|
| 080 |
|
|
|a 341.231(477)(091)"19"
|2 2011
|
| 080 |
|
|
|a 323(477)(091)"19"
|2 2011
|
| 080 |
|
|
|a 314.151.3-054.72(091)
|2 2011
|
| 080 |
|
|
|a 631(091)"19":929
|2 2011
|
| 100 |
1 |
|
|a Ljašev, Oleksandr
|4 aut
|9 1590310
|
| 245 |
1 |
0 |
|a V № 25 vid 20.12.2013 r. hazety «Nove žyttja» podanyj material ...
|c Oleksandr Ljašev
|
| 336 |
|
|
|a text
|b txt
|2 rdacontent
|
| 337 |
|
|
|a bez média
|b n
|2 rdamedia
|
| 338 |
|
|
|a zväzok
|b nc
|2 rdacarrier
|
| 500 |
|
|
|a V rubrike Informaciji/Humor Z lystiv čytačiv
|
| 500 |
|
|
|a Doplňujúce údaje sú prevzaté z Wikipediji
|
| 500 |
|
|
|a Súčasťou článku je odpoveď redakcie
|
| 600 |
1 |
7 |
|a Zinčenko, Mychajlo L'vovyč,
|d 1893-1963
|2 svkpocl
|9 1590311
|
| 648 |
|
7 |
|a 20. storočie
|2 svkpocl
|9 278343
|
| 650 |
0 |
7 |
|a politické dejiny
|2 SNKPH
|9 69271
|
| 650 |
0 |
7 |
|a dejiny
|2 SNKPH
|9 3825
|
| 650 |
0 |
7 |
|a národné dejiny
|2 svkpocl
|9 28945
|
| 650 |
0 |
7 |
|a poľnohospodárstvo
|2 SNKPH
|9 679
|
| 650 |
0 |
7 |
|a osobnosti
|2 svkpocl
|9 29820
|
| 650 |
0 |
7 |
|a biografia
|2 SNKPH
|9 71085
|
| 650 |
0 |
7 |
|a emigranti
|2 SNKPH
|9 19799
|
| 650 |
0 |
7 |
|a ukrajinská emigrácia
|2 svkpocl
|9 694136
|
| 651 |
|
7 |
|a Rojišče (Ukrajina)
|2 svkpocl
|9 1590325
|
| 651 |
|
7 |
|a Bolešov (Slovensko)
|2 SNKPHgeo
|9 25555
|
| 651 |
|
7 |
|a Dubnica nad Váhom (Slovensko)
|2 SNKPHgeo
|9 58303
|
| 651 |
|
7 |
|a Československo
|2 SNKPH
|9 21376
|
| 651 |
|
7 |
|a Slovensko
|2 SNKPH
|9 14231
|
| 651 |
|
7 |
|a Ukrajina
|2 SNKPHgeo
|9 168045
|
| 710 |
2 |
|
|a Redakcia novín Nove žyttja
|4 aut
|9 837994
|
| 773 |
0 |
|
|t Nove žyttja
|g Roč. 68, č. 7 (2018), s. 4
|
| 787 |
0 |
8 |
|i Poznámky k:
|a Kobela, Adolf, 1936-
|t «Straždenne žyttja ukrajins'koho bižencja : Mychajlo Zinčenko - ukrajins'kyj biženec', vydatnyj sil's'kohospodars'kyj specialist»
|g In: Nove žyttja. - Roč. 63, č. 25 (2013), s. 7
|w vtls010573322
|
| 852 |
|
|
|a SVKPO
|b KIS3GCP
|
| 856 |
4 |
2 |
|u https://uk.wikipedia.org/wiki/Зінченко_Михайло_Львович
|
| 958 |
|
|
|a SS
|
| 958 |
|
|
|a SK
|
| 958 |
|
|
|a UA
|
| 958 |
|
|
|a BC
|
| 958 |
|
|
|a CS
|
| 999 |
|
|
|c 3364049
|d 3365979
|